00524nam a22001697a 450000500170000001000150001702000260003203500130005803700130007108200100008410000180009424500750011226000370018727000550022430000250027950000500030420130510161041.0 aENG-107028 a9788184050769c950.00 aEN-90561 bDBAD/PUB a658.3 aDaly, John L. aHuman resource management :cby John L. Dalybpolicies and practices / aNew DelhibReference Pressc2012 a4831/24, Ansari Road, DaryaganjbNew Delhie110002 axii, 195p.c25cm(Hb) aIncludes bibliographical references and index